Valtiot, joiden kauimmaisten pisteiden etäisyys toisistaan on suurin - Statistics

Yleistilastot
  • Tätä visaa on pelattu 580 kertaa
  • Keskiarvotulos 16 / 20
Vastaustilastot
Etäisyys Valtio % Oikein
8 207 Venäjä
99%
15 306 Yhdysvallat
99%
5 549 Kanada
98%
5 017 Kiina
95%
7 813 Australia
94%
5 100 Brasilia
91%
18 151 Ranska
91%
4 648 Chile
88%
18 127 Yhdistynyt kuningaskunta
83%
3 699 Argentiina
82%
3 713 Intia
82%
4 052 Tanska
80%
3 365 Meksiko
79%
5 355 Indonesia
74%
3 138 Japani
74%
15 098 Norja
71%
2 959 Kazakstan
65%
5 711 Uusi-Seelanti
63%
8 049 Alankomaat
55%
4 430 Kiribati
28%
Ehtoja vastaavia visoja ei löytynyt
Tulosjakauma
Jokaisen tuloksen saaneiden osuus
Persentiili vastausten määrän mukaan
Tuloshistoriasi
Et ole pelannut tätä visaa